| 000 | 00367nam a2200121Ia 4500 | ||
|---|---|---|---|
| 008 | 210430s9999 xx 000 0 und d | ||
| 082 | _a620.11 C 141 F | ||
| 100 |
_aWilliam D.Callister ,jr _952261 |
||
| 245 |
_aFundamentals of Materials Science And Engineering _cWilliam D.Callister ,jr |
||
| 260 |
_aAmerica _bjohn Wiley _c2001 |
||
| 300 | _a524p | ||
| 942 |
_cBK _2ddc |
||
| 999 |
_c564383 _d564383 |
||